000 00383 a2200157 4500
001 74709
020 _a9788572088572
040 _cAnchieta - Colégio São Paulo
100 _aSypriano, Lilian
240 1 0 _aTanquinho e Clau uma dupla legal?
_lpor
245 1 0 _aTanquinho e Clau uma dupla legal?
300 _a64
362 0 _a2013
650 4 _aLiteratura infantil
942 _cBK
999 _c74709
_d74709